| Tag |
First Indicator |
Second Indicator |
Subfields |
| LEADER |
00000cam a2200000 a 4500 |
| 001 |
in00000009993 |
| 005 |
20151007051612.0 |
| 008 |
860714s1987 caua b 00010 eng |
| 010 |
|
|
|a 86018414
|
| 020 |
|
|
|a 0151305595
|
| 035 |
|
|
|a (OCoLC)13947394
|
| 035 |
|
|
|9 AAA3831AM
|
| 040 |
|
|
|a DLC
|c DLC
|d TXA
|d UtOrBLW
|
| 049 |
|
|
|a TXAM
|
| 050 |
0 |
0 |
|a BF575.F2
|b J44 1987
|
| 082 |
0 |
0 |
|a 152.4
|2 19
|
| 100 |
1 |
|
|a Jeffers, Susan J.
|
| 245 |
1 |
0 |
|a Feel the fear and do it anyway /
|c Susan Jeffers.
|
| 264 |
|
1 |
|a San Diego :
|b Harcourt Brace Jovanovich,
|c [1987]
|
| 264 |
|
4 |
|c ©1987
|
| 300 |
|
|
|a x, 227 pages :
|b illustrations ;
|c 22 cm.
|
| 336 |
|
|
|a text
|b txt
|2 rdacontent
|
| 337 |
|
|
|a unmediated
|b n
|2 rdamedia
|
| 338 |
|
|
|a volume
|b nc
|2 rdacarrier
|
| 504 |
|
|
|a Includes bibliographical references (pages 221-223).
|
| 504 |
|
|
|a Discography: page 225.
|
| 650 |
|
0 |
|a Fear.
|
| 999 |
|
|
|a MARS
|
| 999 |
f |
f |
|s 2c0c5675-1406-3c62-be24-9cc71fd4fc2f
|i 12295ebc-4bc3-3cd4-bfa4-26cf02fd0c55
|t 0
|
| 952 |
f |
f |
|p normal
|a Texas A&M University
|b College Station
|c Sterling C. Evans Library
|s Evans stk
|d Evans: Library Stacks
|t 0
|e BF575.F2 J44 1987
|h Library of Congress classification
|i unmediated -- volume
|m A14812637412
|
| 952 |
f |
f |
|p normal
|a Texas A&M University
|b College Station
|c Sterling C. Evans Library
|s Evans stk
|d Evans: Library Stacks
|t 0
|e BF575.F2 J44 1987
|h Library of Congress classification
|i unmediated -- volume
|m A14835781620
|
| 998 |
f |
f |
|a BF575.F2 J44 1987
|t 0
|l Evans: Library Stacks
|
| 998 |
f |
f |
|a BF575.F2 J44 1987
|t 0
|l Evans: Library Stacks
|